All Cities and Towns In Wyoming - Statistics

General Stats
  • This quiz has been taken 10 times
  • The average score is 12 of 87
Answer Stats
Hint Answer % Correct
ch Cheyenne
90%
ca Casper
60%
co Cody
60%
gi Gillette
60%
ja Jackson
60%
la Laramie
60%
sh Sheridan
50%
bu Buffalo
40%
gr Green River
40%
ra Rawlins
40%
wh Wheatland
40%
wo Worland
40%
wr Wright
40%
do Douglas
30%
ev Evanston
30%
la Lander
30%
ne Newcastle
30%
ro Rock Springs
30%
th Thermopolis
30%
af Afton
20%
ba Basin
20%
du Dubois
20%
lu Lusk
20%
po Powell
20%
ra Ranchester
20%
ri Riverton
20%
su Sundance
20%
to Torrington
20%
up Upton
20%
au Auburn
10%
ba Baggs
10%
by Byron
10%
ch Chugwater
10%
co Cowley
10%
ev Evansville
10%
gl Glendo
10%
gr Greybull
10%
ke Kemmerer
10%
li Lingle
10%
lo Lovell
10%
mo Moorcroft
10%
pi Pinedale
10%
ro Rock River
10%
sh Shoshoni
10%
te Ten Sleep
10%
al Alpine
0%
al Alta
0%
ar Arapahoe
0%
bi Big Piney
0%
bo Boulder
0%
bu Burlington
0%
bu Burns
0%
co Cokeville
0%
da Dayton
0%
di Diamondville
0%
fa Fairview
0%
fa Farson
0%
fo Fort Bridger
0%
fo Fort Laramie
0%
fo Fort Washakie
0%
fr Frannie
0%
gl Glenrock
0%
gu Guernsey
0%
ha Hanna
0%
hu Hudson
0%
hu Hulett
0%
ka Kaycee
0%
la La Barge
0%
la Lagrange
0%
ly Lyman
0%
me Medicine Bow
0%
me Meeteetse
0%
mi Midwest
0%
mi Mills
0%
mo Moose
0%
mo Mountain View
0%
os Osage
0%
pi Pine Bluffs
0%
ra Ralston
0%
re Reliance
0%
sa Saratoga
0%
si Sinclair
0%
st Story
0%
su Superior
0%
th Thayne
0%
wa Wamsutter
0%
wi Wilson
0%
No matching quizzes found
Score Distribution
Percent of People with Each Score
Percentile by Number Answered
Your Score History
You have not taken this quiz